000 00833nam a22002657a 4500
001 0011763
003 DO-SdBNP
005 20231121104616.0
007 0011763
008 161114b2002 cl |00| 0 spa d
020 _a9789583008986
040 _aBPMSU
_bspa
_cBPMSU
082 4 _bC319a 2002
_a823
_222
100 1 _aCarroll, Lewis
_d1832-1898
245 1 0 _aAlicia en el país de las maravillas :
_bel conejo /
_cLewis Carroll ; ilustraciones Henry González
260 _aBogotá :
_bEditorial Panamericana,
_c2002.
300 _a8 p. :
_bil., ;
_c27 cm.
490 0 _aBiblioteca del cuento
590 _aInventariado, 2023/VM
650 4 _aCuentos infantiles ingleses
650 4 _aLiteratura infantil inglesa
700 1 _aGonzález, Henry,
_eil.
910 _aBTAVÁREZ/ VMateo V. Control de calidad. BPMSU
942 _2ddc
_cBK
999 _c11948
_d11948